[Event "Colonia de Sant Jordi op-B"]
[Site "Colonia de Sant Jordi"]
[Date "2022.06.04"]
[Round "3"]
[White "Fernandez, Joshua Demian"]
[Black "Ubieto Cosials, Javier"]
[Result "1-0"]
[WhiteElo "1114"]
[BlackElo "1203"]
[PlyCount "69"]
[EventDate "2022.06.03"]
[EventType "swiss"]
[EventRounds "6"]
[EventCountry "ESP"]
[SourceTitle "CBM 208 Extra"]
[Source "ChessBase"]
[SourceDate "2022.07.31"]
[SourceVersion "1"]
[SourceVersionDate "2022.07.31"]
[SourceQuality "1"]

1. d4 d5 2. Nf3 Nc6 3. Bf4 Bf5 4. e3 Nf6 5. Nbd2 e6 6. Bd3 Bxd3 7. cxd3 Bb4 8. 0-0 Bd6 9. Bxd6 Qxd6 10. Qe2 0-0-0 11. Rac1 Rhe8 12. Nb3 e5 13. dxe5 Nxe5 14. Nxe5 Rxe5 15. d4 Rh5 16. g3 Qd7 17. Qc2 Kb8 18. Nc5 Qh3 19. Na6+ bxa6 20. Qxc7+ Ka8 21. Qxd8+ Kb7 22. Qc7+ Ka8 23. Qc8+ Qxc8 24. Rxc8+ Kb7 25. Rf8 Rh6 26. Rxf7+ Kc6 27. Rxg7 Ne4 28. a4 Kb6 29. b4 a5 30. b5 a6 31. bxa6 Kxa6 32. Rc1 Kb6 33. Rcc7 Rf6 34. Rcf7 Rh6 35. Rxh7 1-0

[Event "Colonia de Sant Jordi op-B"]
[Site "Colonia de Sant Jordi"]
[Date "2022.06.03"]
[Round "1"]
[White "Fernandez, Joshua Demian"]
[Black "Trillo Figueroa Vidal, Antonio"]
[Result "0-1"]
[WhiteElo "1114"]
[BlackElo "1631"]
[PlyCount "80"]
[EventDate "2022.06.03"]
[EventType "swiss"]
[EventRounds "6"]
[EventCountry "ESP"]
[SourceTitle "CBM 208 Extra"]
[Source "ChessBase"]
[SourceDate "2022.07.31"]
[SourceVersion "1"]
[SourceVersionDate "2022.07.31"]
[SourceQuality "1"]

1. d4 Nf6 2. Nf3 d5 3. h3 e6 4. Bf4 Be7 5. e3 0-0 6. Bd3 Nbd7 7. 0-0 c5 8. c3 b6 9. Nbd2 Bb7 10. Qe2 Rc8 11. b3 Ne4 12. Rac1 Ndf6 13. Bb1 Nxd2 14. Qxd2 Ne4 15. Qc2 g6 16. Ne5 Bf6 17. f3 Nd6 18. Ng4 Bg7 19. Nh6+ Kh8 20. Ng4 cxd4 21. exd4 Bxd4+ 22. Kh1 Bxc3 23. Qd3 Bg7 24. Rxc8 Bxc8 25. Nh6 Ne8 26. Re1 Qh4 27. Qd2 Nf6 28. Ng4 Nxg4 29. fxg4 Bb7 30. Qe3 d4 31. Qd2 Qxh3+ 32. Bh2 Qxg4 33. Bd3 Bh6 34. Qb2 Be3 35. Rxe3 Qd1+ 36. Bg1 Rd8 37. Rh3 e5 38. Rh4 Rc8 39. Qb1 Rc1 40. Qb2 Qxg1# 0-1

[Event "Colonia de Sant Jordi op-B"]
[Site "Colonia de Sant Jordi"]
[Date "2022.06.03"]
[Round "2"]
[White "Zander, Daniel"]
[Black "Fernandez, Joshua Demian"]
[Result "0-1"]
[WhiteElo "1318"]
[BlackElo "1114"]
[PlyCount "87"]
[EventDate "2022.06.03"]
[EventType "swiss"]
[EventRounds "6"]
[EventCountry "ESP"]
[SourceTitle "CBM 208 Extra"]
[Source "ChessBase"]
[SourceDate "2022.07.31"]
[SourceVersion "1"]
[SourceVersionDate "2022.07.31"]
[SourceQuality "1"]

1. e4 e5 2. Nf3 Nc6 3. Bc4 Bc5 4. d3 Nf6 5. Bg5 h6 6. Bh4 d6 7. h3 g5 8. Bg3 Qe7 9. a3 Be6 10. Bb5 Bd7 11. Nc3 a6 12. Ba4 0-0-0 13. 0-0 Nh5 14. Nxe5 Nxg3 15. Nxc6 Bxc6 16. Qg4+ Kb8 17. Qxg3 Bxa4 18. Nxa4 Ba7 19. Nc3 c6 20. Rfe1 h5 21. e5 g4 22. exd6 Qd7 23. Re7 Qxd6 24. Qxd6+ Rxd6 25. Rxf7 Ka8 26. Re1 gxh3 27. Ree7 Bd4 28. Rxb7 Rg8 29. Kh2 hxg2 30. Kg1 h4 31. Ne2 h3 32. Ng3 Re6 33. Kh2 Rh8 34. c3 Be5 35. d4 Bd6 36. Ra7+ Kb8 37. Rfb7+ Kc8 38. Rg7 Re1 39. Ra8+ Bb8 40. Rxb8+ Kxb8 41. Nf5 Rh1+ 42. Kg3 g1Q+ 43. Kf3 Qxg7 44. Nxg7 0-1